| 000 | 00858nam a2200205Ia 4500 | ||
|---|---|---|---|
| 999 |
_c55853 _d55853 |
||
| 001 | 22950 | ||
| 003 | GE_BSU | ||
| 005 | 20250908152529.0 | ||
| 008 | 181216s2004||||ge |||||||||||||| ||geo|| | ||
| 040 | _cGE_BSU | ||
| 041 | _ageo | ||
| 080 | _a174.7:338.22(075.3) გ-55 | ||
| 245 |
_aგლობალური ბიზნეს ეთიკა : _bსახ-ლო უფროსი კლასებისათვის / _cმთაგმნ.: გ. მელაძე. რედ. ე. გეგეშიძე. |
||
| 264 |
_aთბილისი, _c2004. |
||
| 300 |
_a64 გვ. ; _b30 სმ. |
||
| 653 | _aგლობალური ბიზნეს ეთიკა | ||
| 700 |
_aმელაძე, გ. _eრედაქტორი _94663 |
||
| 700 |
_aგეგეშიძე, ე. _eრედაქტორი _925780 |
||
| 942 |
_cBK _2udc |
||